Downloads - Marvel Superheroes - Statistics

General Stats
  • This quiz has been taken 25 times
  • The average score is 19 of 22
Answer Stats
Picture Answer % Correct
Black Widow
100%
Captain America
100%
Captain Marvel
100%
Iron Man
100%
She-Hulk
100%
Spider-Man
100%
Thor
100%
Thor (Jane Foster)
100%
Vision
100%
Ant-Man
96%
Daredevil
96%
Scarlet Witch
96%
Wasp
96%
Ms. Marvel
84%
Rogue
84%
Spider-Woman
84%
Arana
76%
Emma Frost
72%
Elektra
68%
America Chavez
64%
Nova
60%
Silk
60%
No matching quizzes found
Score Distribution
Percent of People with Each Score
Percentile by Number Answered
Your Score History
You have not taken this quiz